التفاضل و التكامل / (رقم التسجيلة. 10856)

تفاصيل مارك
000 -LEADER
fixed length control field 00517nam a22001817a 4500
005 - DATE AND TIME OF LATEST TRANSACTION
control field 20251108164402.0
008 - FIXED-LENGTH DATA ELEMENTS--GENERAL INFORMATION
fixed length control field 250721s1996 xx 000 0 ara d
082 14 - DEWEY DECIMAL CLASSIFICATION NUMBER
Classification number 515/حسي
100 1# - MAIN ENTRY--PERSONAL NAME
Personal name حسين، ذيب
245 10 - TITLE STATEMENT
Title التفاضل و التكامل /
264 1# - PRODUCTION, PUBLICATION, DISTRIBUTION, MANUFACTURE, AND COPYRIGHT NOTICE
Place of production, publication, distribution, manufacture عمان :
Name of producer, publisher, distributor, manufacturer دار حنين للنشر و التوزيع،
Date of production, publication, distribution, manufacture, or copyright notice 1996.
300 ## - PHYSICAL DESCRIPTION
Extent ج
650 17 - SUBJECT ADDED ENTRY--TOPICAL TERM
Topical term or geographic name as entry element التفاضل و التكامل
650 17 - SUBJECT ADDED ENTRY--TOPICAL TERM
Topical term or geographic name as entry element الرياضيات
700 1# - ADDED ENTRY--PERSONAL NAME
Personal name خليل، رشدي
942 ## - ADDED ENTRY ELEMENTS (KOHA)
Source of classification or shelving scheme Dewey Decimal Classification
Koha item type كتب
المقتنيات
حالة السحب حالة الفقدان مصدر التصنيف حالة التلف غير قابل للإعارة المكتبة الرئيسية المكتبة الحالية موقع الرف تاريخ التزويد الرقم المتسلسل Total Checkouts رقم الإستدعاء تاريخ آخر ظهور تاريخ الفاتورة نوع المادة (كوها) الباركود
    Dewey Decimal Classification Unchecked   مكتبة أم قصير والمقابلين العامة مكتبة أم قصير والمقابلين العامة الإعارة 06/07/2004 308322   515/حسي 28/07/2025 06/07/2004 كتب  
    Dewey Decimal Classification Unchecked   مكتبة أم قصير والمقابلين العامة مكتبة أم قصير والمقابلين العامة الإعارة 06/07/2004 5166   515/حسي 28/07/2025 06/07/2004 كتب  
    Dewey Decimal Classification     مكتبة الأميرة ايمان العامة مكتبة الأميرة ايمان العامة الإعارة 29/09/2013 [10786]   515/حسي 28/07/2025 29/09/2013 كتب PLD00280495
    Dewey Decimal Classification     مكتبة صويلح العامة مكتبة صويلح العامة الإعارة 22/05/2019 {13716}   515/حسي 28/07/2025 22/05/2019 كتب PLD00453294
    Dewey Decimal Classification Unchecked   مكتبة وادي السير العامة مكتبة وادي السير العامة الإعارة 06/07/2004 7490   515/حسي 28/07/2025 06/07/2004 كتب  
    Dewey Decimal Classification     مكتبة وادي السير العامة مكتبة وادي السير العامة الإعارة 06/07/2004 308324   515/حسي 28/07/2025 06/07/2004 كتب 308324
Implemented & Customized by: BBB with SCIT (Smart Chains for Information Technology)

Powered by Koha